Lehoty v správe daní

Lehota je istý časový úsek, ktorý je ohraničený začiatkom a koncom. V tomto časovom úseku daňový subjekt a iné osoby vo vzťahu k správcovi dane plnia svoje povinnosti alebo si uplatňujú svoje práva. Lehota začína plynúť dňom nasledujúcim po dni, v ktorom nastala skutočnosť rozhodujúca pre začiatok j...

Ausführliche Beschreibung

Gespeichert in:
Bibliographische Detailangaben
1. Verfasser: Krchlíková, Katarína
Weitere Verfasser: Mrvová, Marta
Format: Buchkapitel
Sprache:Slowakisch
Schlagworte:
Tags: Tag hinzufügen
Keine Tags, Fügen Sie das erste Tag hinzu!

MARC

LEADER 00000naa a2200000 4500
001 0160597
005 20231208085241.6
041 0 |a slo 
044 |a SK 
245 1 0 |a Lehoty v správe daní  |c Katarína Krchlíková, Marta Mrvová 
520 |a Lehota je istý časový úsek, ktorý je ohraničený začiatkom a koncom. V tomto časovom úseku daňový subjekt a iné osoby vo vzťahu k správcovi dane plnia svoje povinnosti alebo si uplatňujú svoje práva. Lehota začína plynúť dňom nasledujúcim po dni, v ktorom nastala skutočnosť rozhodujúca pre začiatok jej plynutia a končí sa uplynutím dňa, ktorý je posledným dňom skončenia lehoty. 
610 2 0 |a dane z príjmov 
610 2 0 |a legislatíva 
610 2 0 |a správa daňová 
100 1 |a Krchlíková, Katarína 
700 1 |a Mrvová, Marta